| 000 | 02306nam0a2200445 4500 | ||
|---|---|---|---|
| 001 | RU\NLR\BIBL_A\022702125 | ||
| 005 | 20260407195905.0 | ||
| 010 |
_a978-5-317-07458-6 _9100 |
||
| 035 | _a(NLR Aleph) 022702125 | ||
| 090 |
_a13643458 _c13643458 |
||
| 100 | _a20260116d2025 k y0rusy50 ca | ||
| 101 | 0 |
_arus _aeng _drus _deng |
|
| 102 | _aRU | ||
| 105 | _aa z 010zy | ||
| 181 | 0 |
_ai4 _baxxe |
|
| 182 | 0 | _an | |
| 200 | 1 |
_aКоммуникация в XXI веке: основные тренды _eмонография _fВоронкова Л. П., Корниенко О. Ю., Пфандер Я. П. [и др.] _gответственный редактор Л. П. Воронкова _gМосковский государственный университет имени М. В. Ломоносова, Факультет глобальных процессов |
|
| 203 |
_aТекст _bвизуальный _cнепосредственный |
||
| 210 |
_aМосква _cМАКС Пресс _d2025 |
||
| 215 |
_a183 c. _cцв. ил. _d22 |
||
| 300 | _aНа пер.: К 20-летию Факультета глобальных процессов, Кафедра глобальных коммуникаций | ||
| 300 | _aТекст и рез. ст. на рус. и англ. яз | ||
| 320 | _aБиблиогр. в конце ст. | ||
| 606 | 1 |
_aКоммуникации социальные _92074834 _3RU\NLR\AUTH\661249852 |
|
| 606 | 1 |
_aМежкультурная коммуникация _92368045 _3RU\NLR\AUTH\661413599 |
|
| 606 | 1 |
_aПолитический дискурс _92095006 _3RU\NLR\AUTH\661267668 |
|
| 686 | 1 | _aС550.74 | |
| 686 | 1 | _aС555.57 | |
| 686 | 1 | _aШ100.33 | |
| 686 | 1 | _aШ100.0 | |
| 701 | 1 |
_aВоронкова _bЛ. П. _gЛюдмила Петровна |
|
| 701 | 1 |
_7ca _8rus _aКорниенко _bО. Ю. _cканд. филол. наук _gОльга Юрьевна _9206370 _3RU\NLR\AUTH\770206422 |
|
| 701 | 1 |
_aПфандер _bЯ. П. _gЯна Паулевна |
|
| 712 | 0 | 2 |
_4570 _aМГУ им. М. В. Ломоносова _bФакультет глобальных процессов _3RU\NLR\AUTH\8810130485 _9757707 |
| 942 | _cBOOK | ||
| 980 | _aNB | ||